| 000 | 01278nam a22002417a 4500 | ||
|---|---|---|---|
| 999 |
_c520 _d520 |
||
| 003 | OSt | ||
| 005 | 20220610104840.0 | ||
| 008 | 180305b xxu||||| |||| 00| 0 spa d | ||
| 020 | _a9502002784 | ||
| 040 | _cPJ | ||
| 100 |
_9666 _aSabaté Lichtschein, Domingo |
||
| 245 | 1 | 0 |
_aProblemas argentinos de soberania territorial / _cDomingo Sabaté Lichtschein. |
| 250 | _a3a. ed. amp. y act. | ||
| 260 |
_aBuenos Aires : _bAbeledo-Perrot, _c1985. |
||
| 300 |
_a477 p. _c23 cm. |
||
| 500 | _aCitas y notas a pie de página. | ||
| 505 |
_aCapitulo I
1. El problema de la Antártida.
Capitulo II
1. El problema del rio Uruguay.
Capitulo III
1. El problema del Rio de la Plata.
Capitulo IV
1. El problema del Rio Encuentro.
Capitulo V
1. El problema del Canal de Beagle y las Islas Fueguinas.
Capitulo VI
1. El problema de las Islas del Atlántico Sur.
Capitulo VII
1. El problema de la extensión del Mar Territorial.
Capitulo VIII
1. Apéndice.
Capitulo IX
1. Mapas
_rDOMINGO SABATE LICHTSCHEIN _tPROBLEMAS ARGENTINOS DE SOBERANÍA TERRITORIAL |
||
| 650 | 0 |
_9331 _aDERECHO INTERNACIONAL PUBLICO |
|
| 650 | 0 |
_9663 _aSOLUCION DE CONTROVERSIAS |
|
| 650 | 0 |
_9664 _aARBITRAJE INTERNACIONAL |
|
| 651 | 0 |
_9232 _aARGENTINA |
|
| 942 |
_2udc _cLIB _h341.6 _iSAB |
||